00593nam a2200157Ia 4500008004100000041001200041082001200053245002800065260006500093440000900158650004500167650002100212942000700233999001900240952017600259240126s9999 xx 000 0 und d aEnglish aBBA-BHM 0aHospitality Biz (2017 - bBharat Bahal on behalf of Saffron Synergies Pvt Ltd.aMumbai aNULL aHospitality,Biz,(2017,-,Hotel Management aHotel Management cJN c282974d282974 r2024-01-26 00:00:00l0oBBA-BHMpJN37741h10(11)(Nov, 2017)w2024-01-26yJN1040708HM00aMLbMLcHMd0000-00-00eSurya Infotainment Products Pvt. Ltd.EHMGRSF1V0W0